| 000 | 01188nam0a22003011 4500 | ||
|---|---|---|---|
| 001 | rc\3404202 | ||
| 005 | 20260406143844.0 | ||
| 021 |
_aRU _b[72-91155] |
||
| 035 | _a(NLR Aleph) 007574873 | ||
| 090 |
_a5445046 _c5445046 |
||
| 100 | _a20130115d1972 |||y0rusy50 ca | ||
| 101 | 0 | _arus | |
| 102 | _aRU | ||
| 105 | _aa z ||||| | ||
| 200 | 1 | _aТолстой и Герцен | |
| 210 |
_aМосква _cХудож. лит. _d1972 |
||
| 215 |
_a303 с., 4 л. ил. _d21 |
||
| 320 | _aСписок лит. в примеч.: с. 275-300 | ||
| 606 |
_aРусская литература _z19-20 вв. _2psbo |
||
| 606 |
_aОбщественная мысль в России _z19-20 вв. _2psbo |
||
| 700 | 1 |
_7ca _8rus _aРозанова _bС. А. _f1912-2002 _gСусанна Абрамовна _9234669 _3RU\NLR\AUTH\770234725 |
|
| 702 | 1 |
_4570 _8rus _7ca _aГерцен _bА. И. _f1812-1870 _gАлександр Иванович _3RU\NLR\AUTH\773922 _9113911 |
|
| 702 | 1 |
_4570 _8rus _7ca _aТолстой _bЛ. Н. _f1828-1910 _gЛев Николаевич _3RU\NLR\AUTH\771515 _9111537 |
|
| 801 | 0 |
_aRU _bNLR _gpsbo |
|
| 801 | 1 |
_aRU _bELAR _2rusmarc |
|
| 852 |
_aNLR _j72-3/10531 |
||
| 942 | _cBOOK | ||
| 980 | _aNB | ||